Návrh manipulačného poriadku na MVN Jablonka

Enregistré dans:
Détails bibliographiques
Auteur principal: Tóth, Roman (Auteur)
Autres auteurs: Šoltész, Andrej (Directeur de thèse)
Format: Manuscrit Livre
Langue:slovaque
Publié: 2023
Sujets:
Accès en ligne:http://is.stuba.sk/zp/portal_zp.pl?podrobnosti=161975
https://opac.crzp.sk/?fn=detailBiblioForm&sid=0A15AC6E5E2ED0F3D5D1C6342BCF
Tags: Ajouter un tag
Pas de tags, Soyez le premier à ajouter un tag!

MARC

LEADER 00000ntm a22000003a 4500
001 stuzp94661
003 SK-STU
005 20230925092830.8
007 ta
008 150427s2015----xo-----f-mn---000-0-slo-d
040 |a STU  |b slo 
041 0 |a slo 
100 1 |a Tóth, Roman  |u 010170  |4 aut  |U SvF Stavebná fakulta  |T SvF Katedra hydrotechniky  |X 103869  |U V170  |Y 17  |7 103869 
242 0 1 |a Proposal of operation rules on small water reservoir in Jablonka  |y eng 
245 1 0 |a Návrh manipulačného poriadku na MVN Jablonka 
260 |c 2023 
650 4 |a MVN  |2 slo 
650 4 |a Údaje  |2 slo 
650 4 |a Modelovanie  |2 slo 
650 4 |a Modeling  |2 eng 
650 4 |a Data  |2 eng 
650 4 |a Reservoir  |2 eng 
700 1 |a Šoltész, Andrej  |u 010170  |k Z1  |4 ths  |U SvF Stavebná fakulta  |T SvF Katedra hydrotechniky  |X 645  |U V170  |Y 17  |7 A000000645 
856 4 |u http://is.stuba.sk/zp/portal_zp.pl?podrobnosti=161975 
856 4 |u https://opac.crzp.sk/?fn=detailBiblioForm&sid=0A15AC6E5E2ED0F3D5D1C6342BCF